00378pab a2200133 454500008004000000100002900040245007900069260000900148300001300157362000800170650001500178700001600193773003500209180718b2002 xxu||||| |||| 00| 0 eng d aNziramassange, Mudziviri aOn the duration of self-employment: the impact of macroeconomic conditions c2002 ap.46-73. aOct aEmployment aLee, Minsoo aJournal of Development Studies